00746nam a22002175a 450000500170000000800410001701000170005802000250007503500170010003700170011704000180013408200060015210000290015824501220018726000430030927000710035230000380042349000260046170000190048770000220050620091218104227.0091120t20092006paua j 001 0 eng  aB-379514-518 a9788123754932c15.00 aB-379514-518 bTarun Books  adplbEnglish  aS aChakraborty, Bimalendra  aFriends of the green forest /cby Bimalendra Chakraborty; translated by Sayan Chaudhuri; illustrated by Swapan Nandy  aNew Delhi bNational Book Trust c2009 bNew Delh aNehru Bhawan, 5 Institutiional Area, Phase-II, e110070 aunpaged :bcol. ill. c21cm(pbk)  aNehru Bal Pustakalaya aNandy, Swapan  aChaudhuri, Sayan